| 000 | nam a22 7a 4500 | ||
|---|---|---|---|
| 999 |
_c129419 _d129419 |
||
| 008 | 190423b xxu||||| |||| 00| 0 eng d | ||
| 050 | _aBT109.S8 1963 | ||
| 100 |
_aSullivan, John Edward _945859 |
||
| 245 |
_aThe image of God: _bthe doctrine of St. Augustine and its influence _c/ by John Edward Sullivan |
||
| 260 |
_aIowa: _bPriory Press, _c1963. |
||
| 300 |
_axvii, 356p. ; _c23cm. |
||
| 942 |
_2lcc _cMONOGRAPH |
||